| 000 | 00615nam a2200205 a 4500 | ||
|---|---|---|---|
| 001 | 100 | ||
| 003 | CDMR | ||
| 005 | 20131128175507.0 | ||
| 008 | 130130s1981||||||||||||||||||||||||||||d | ||
| 020 | _a0803915551 | ||
| 040 |
_aCDMR _bcat _cCDMR |
||
| 245 | 1 | 0 |
_aAdvances in content analysis _cKarl Erik Rosengren, editor |
| 260 |
_aLondon _c1981 _bSage Publications |
||
| 300 | _a283 p. | ||
| 490 | 0 |
_aSage annual Reviews of Communication Research _v9 |
|
| 650 | 0 | 4 |
_94097 _aAnàlisi de contingut (Comunicació) |
| 650 | 0 | 4 |
_93284 _aComunicació _xInvestigació |
| 700 | 1 |
_997 _aRosengren, Karl Erik _eed. |
|
| 942 |
_cMON _2udc |
||
| 999 |
_c100 _d100 |
||